Rigid cohomology

Αποθηκεύτηκε σε:
Λεπτομέρειες βιβλιογραφικής εγγραφής
Κύριος συγγραφέας: Le Stum, Bernard
Μορφή: Βιβλίο
Γλώσσα:English
Δημοσίευση: Cambridge ; New York : Cambridge University Press, 2007
Σειρά:Cambridge tracts in mathematics ; ; 172
Θέματα:
Ετικέτες: Προσθήκη ετικέτας
Δεν υπάρχουν, Καταχωρήστε ετικέτα πρώτοι!

MARC

LEADER 00000nam a2200000 i 4500
001 1/17217
008 120109s2007 eng d
020 |a 978-0-521-87524-0 
035 |l 10111632 
040 |a GR-MY-UA  |b gre  |e aacr 
041 0 |a eng 
082 0 |a 514.23  |2 (22) 
100 1 |a Le Stum, Bernard. 
245 1 0 |a Rigid cohomology /  |c Bernard le Stum 
260 |a Cambridge ; New York :   |b Cambridge University Press,   |c 2007 
300 |a xv, 319 σ.;  |c 23 εκ. 
490 1 |a Cambridge tracts in mathematics  |v ; 172 
504 |a Περιέχει βιβλιογραφικές αναφορές και ευρετήριο 
650 0 0 |a Homology theory. 
830 0 |a Cambridge tracts in mathematics ;  |v ; 172 
852 |a INST  |b SAMOS  |e 20120109  |h 514.23 LES  |p 005300034112  |q 005300034112  |t BK  |y 0 
901 |a BIBL3-2012-1 
909 |a Σ  |b 172006 
922 |a 3ΕΛΗ  |b 201112  |c ΤΜΗΜΑ ΜΑΘΗΜΑΤΙΚΩΝ/ΜΕΤΑΠΤΥΧΙΑΚΟ  |d ΔΙΑΔΡΟΜΕΣ 
970 |a ΚΟΣΙΕΡΗΣ  |b ΧΡΗΣΤΟΣ  |z 2012/01/09